| 000 | 00773nam a22002177a 4500 | ||
|---|---|---|---|
| 005 | 20100806143458.0 | ||
| 010 | _aENG-98652 | ||
| 020 |
_a9788190775472 _c260.00 |
||
| 035 | _aEN-82184 | ||
| 037 | _bDBAD/PUB | ||
| 082 | _a001.642 | ||
| 100 |
_aSivakumar, T. _99095 |
||
| 245 |
_aIntroduction to software engineering concepts / _cby T. Sivakumar |
||
| 260 |
_aTamil Nadu _bMithila Publications _c2009 |
||
| 270 |
_bErode _a59,Kamaraj Street,Erode _e638001 |
||
| 300 |
_a90p.: _c21cm (pbk) |
||
| 650 |
_aComputer Software _99096 |
||
| 650 |
_aSoftware Engineering _99097 |
||
| 942 |
_2ddc _cEN _h001.642 _mSIV |
||
| 999 |
_c39807 _d39807 |
||